000 01422nam a2200289 a 4500
001 1838241
003 AM-YEHGA
005 20250618080100.0
008 220609s2022 ai a||||||||||||||0|arm|d
020 _a9789939843537
040 _aAM-YeHGA
041 0 _aarm
100 1 _aՔորթոշյան, Րաֆֆի
245 1 0 _aԽնուս /
_cՐ․ Քորթոշյան ; [Խմբագիր և սրբագրիչ՝ Հ․ Հովհաննիսյան] ; Հայկական ճարտարապետությունն ուսումնասիրող հիմնադրամ․
260 _aԵրևան :
_bԶանգակ,
_c2022․
300 _a398 էջ + 1 ներդիր ծլվ․ թ․ ։
_bքարտեզ, լուսանկար ;
_c31 սմ․
490 0 _aՀայաստանի պատմություն ;
_vՀտ․ Ե
500 _aՍյունակագիր։
504 _aՏողատակում՝ ծանոթագրություններ։
504 _aՑանկեր, օգտագործված գրականություն և բառարան՝ էջ 357-398։
650 1 0 _aՀնագիտություն
_zՀայաստան
651 4 _aԽնուս գավառ
_xՊատմություն
_zԱրևմտյան Հայաստան
700 1 _aՀովհաննիսյան, Հասմիկ
_eխմբ.
_4edt
_eսրբագրիչ
_4crr
710 2 _aՀայկական ճարտարապետությունն ուսումնասիրող հիմնադրամ
_95217
942 _2udc
_cBK
090 _c563089
999 _c525744
_d525744